天使の階級クイズ - Statistics

General Stats
  • This quiz has been taken 30 times
  • The average score is 4 of 9
Answer Stats
Answer % Correct
熾天使
81%
天使
81%
大天使
67%
智天使
33%
力天使
29%
能天使
29%
座天使
24%
主天使
19%
権天使
19%
No matching quizzes found
Score Distribution
Percent of People with Each Score
Percentile by Number Answered
Your Score History
You have not taken this quiz